Southville International School and Colleges
Your cart is empty.
  • Cart
  • Lists
    Public lists Eva Luna New books Lux_list list_1
    Your lists Log in to create your own lists
  • Log in to your account
  • Your cookies
  • Search history
Southville International School and Colleges
  • Advanced search
  • Recent comments
  • Most popular
  • Libraries

Log in to your account

Log in with GOOGLE


If you do not have an external account, but do have a local account, you can still log in:

  1. Home
  2. MARC view: A tourist guide to notable Philippine historical landmarks, monuments, and shrines /
Normal view MARC view ISBD view

A tourist guide to notable Philippine historical landmarks, monuments, and shrines / (Record no. 117882)

[ view plain ]
MARC details
000 -LEADER
fixed length control field 00650nam a2200193Ia 4500
008 - FIXED-LENGTH DATA ELEMENTS--GENERAL INFORMATION
fixed length control field 140609s9999 xx 000 0 und d
020 ## - INTERNATIONAL STANDARD BOOK NUMBER
International Standard Book Number 9789711012014
050 ## - LIBRARY OF CONGRESS CALL NUMBER
Classification number DS 670
Item number .L39 2010
100 ## - MAIN ENTRY--PERSONAL NAME
Personal name Layug, Benjamin L.
245 #2 - TITLE STATEMENT
Title A tourist guide to notable Philippine historical landmarks, monuments, and shrines /
Statement of responsibility, etc Benjamin Locsin Layug
260 ## - PUBLICATION, DISTRIBUTION, ETC. (IMPRINT)
Place of publication, distribution, etc Quezon City, Philippines :
Name of publisher, distributor, etc New Day Publishers,
Date of publication, distribution, etc c2010.
300 ## - PHYSICAL DESCRIPTION
Extent 110 p. :
Other physical details ill. ;
Dimensions 23 cm.
500 ## - GENERAL NOTE
General note Includes bibliographical references.
521 ## - TARGET AUDIENCE NOTE
Target audience note
650 ## - SUBJECT ADDED ENTRY--TOPICAL TERM
Topical term or geographic name as entry element Monuments
General subdivision Philippines.
650 ## - SUBJECT ADDED ENTRY--TOPICAL TERM
Topical term or geographic name as entry element Philippines
General subdivision History, Local.
942 ## - ADDED ENTRY ELEMENTS (KOHA)
Call number prefix Local
Koha item type Books
Holdings
Withdrawn status Lost status Damaged status Home library Current library Shelving location Date acquired Cost, normal purchase price Total Checkouts Full call number Barcode Date last seen Price effective from Koha item type
      College Library College Library Filipiniana Section 06/09/2014 240.00   DS 670 .L39 2010 C18170 05/08/2018 06/09/2014 Books

A tourist guide to notable Philippine historical landmarks, monuments, and shrines /

APA

Layug B. L., . (2010). A tourist guide to notable Philippine historical landmarks, monuments, and shrines. Quezon City, Philippines: New Day Publishers.

Chicago

Layug Benjamin L, . 2010. A tourist guide to notable Philippine historical landmarks, monuments, and shrines. Quezon City, Philippines: New Day Publishers.

Harvard

Layug B. L., . (2010). A tourist guide to notable Philippine historical landmarks, monuments, and shrines. Quezon City, Philippines: New Day Publishers.

MLA

Layug Benjamin L, . A tourist guide to notable Philippine historical landmarks, monuments, and shrines. Quezon City, Philippines: New Day Publishers. 2010.

  • Place hold
  • Print
  • Cite
  • Add to your cart (remove)
  • Save record
    BIBTEX Dublin Core MARCXML MARC (non-Unicode/MARC-8) MARC (Unicode/UTF-8) MARC (Unicode/UTF-8, Standard) MODS (XML) RIS
  • More searches
    Search for this title in:
    Other Libraries (WorldCat) Other Databases (Google Scholar) Online Stores (Bookfinder.com) Open Library (openlibrary.org)

Exporting to Dublin Core...

SOUTHVILLE LIBRARY

Southville International School and Colleges Library

1281 Tropical Ave. Cor. Luxembourg St., BF Homes International, Las Pinas City

Tel. No. 8256374 / 252358 Loc. 117/146

Powered by Koha